Liste des Alls Stars 2010/2019 - Statistiques

Statistiques générales
  • Ce quiz a été pris 222 fois
    218 depuis la dernière actualisation
  • Le résultat moyen est 176 sur 264
Statistiques - réponses
Réponse % Correct
LeBron James
98%
Stephen Curry
95%
Kevin Durant
94%
James Harden
93%
Kobe Bryant
92%
Russell Westbrook
90%
Russel Westbrook
90%
Tony Parker
88%
Dwyane Wade
86%
Klay Thompson
86%
Tim Duncan
86%
Anthony Davis
83%
Chris Paul
83%
Kawhi Leonard
83%
Draymond Green
82%
Giánnis Antetokoúnmpo
82%
Kyrie Irving
82%
Chris Bosh
78%
Damian Lillard
78%
Derrick Rose
77%
Nikola Jokić
77%
Paul George
75%
Carmelo Anthony
74%
Joel Embiid
74%
Kevin Garnett
74%
Marc Gasol
74%
Pau Gasol
74%
Paul Pierce
72%
Dirk Nowitzki
71%
Manu Ginobili
71%
Blake Griffin
68%
Ray Allen
68%
DeMar DeRozan
67%
Kevin Love
65%
Los Angeles
64%
Dwight Howard
63%
Jimmy Butler
63%
Kyle Lowry
62%
Steve Nash
61%
Karl-Anthony Towns
59%
DeAndre Jordan
57%
DeMarcus Cousins
57%
New York
57%
Bradley Beal
56%
John Wall
56%
Joakim Noah
54%
Khris Middleton
51%
Deron Williams
49%
Ben Simmons
48%
Kemba Walker
47%
Jason Kidd
46%
LaMarcus Aldridge
46%
Rajon Rondo
46%
Isaiah Thomas
45%
Andre Iguodala
44%
Allen Iverson
42%
Al Horford
40%
Jrue Holiday
40%
Toronto
40%
Amar'e Stoudemire
38%
Amare Stoudemire
38%
D'Angelo Russell
38%
Brook Lopez
35%
Dallas
35%
Orlando
35%
Yao Ming
35%
Andre Drummond
34%
Kyle Korver
34%
Nikola Vučević
34%
Charlotte
31%
New Orleans
31%
Houston
30%
Zach Randolph
29%
Joe Johnson
28%
Victor Oladipo
27%
Jeff Teague
26%
Paul Millsap
26%
Chauncey Billups
25%
Gordon Hayward
23%
Brandon Roy
20%
Gerald Wallace
19%
Luol Deng
17%
Tyson Chandler
17%
Goran Dragić
16%
Roy Hibbert
15%
Andrew Bynum
10%
David Lee
8%
Chris Kaman
2%
Aucun quiz correspondant
Distribution des résultats
% des personnes avec chaque résultat
Percentile par nombre de réponses
Votre historique - résultats
Vous n’avez pas pris ce quiz depuis la dernière actualisation